Teorija invariantov

Na minha lista:
Detalhes bibliográficos
Main Authors: Spenser, Evid (Author), Spenser, A.J.M (Author)
Formato: Livro
Idioma:russo
Publicado em: Moskva : Mir, 1974
Tags: Adicionar Tag
Sem tags, seja o primeiro a adicionar uma tag!

MARC

LEADER 00000nam a22000003a 4500
001 stu182678
005 20150617225558.8
008 090406s1974------------------------rus-d
040 |a STU  |b slo 
041 0 |a rus 
080 |a 533 
080 |a 519.4 
100 1 |a Spenser, Evid  |4 aut 
245 1 |a Teorija invariantov 
260 |a Moskva :  |b Mir,  |c 1974 
300 |a 156 s 
700 1 |a Spenser, A.J.M.  |4 aut 
996 |b E34041  |c E*34041  |l EE03  |s P  |a 0  |w stu182678_0001